000 00925nam a22002411 4500
005 2009052700440.0
008 710622s1966 enka 000 0 eng
010 _aENG-93756
020 _a9788184881851
_c495.00
035 _aEN-77289
037 _bDBAD / PUB
040 _adpl
_bEnglish
082 _a658.1
100 _aNiraj Kumar
245 _aOrganizational behavior:
_cby Niraj Kumar
_ba new look concept, theory & cases /
260 _aNew Delhi
_bHimalaya Publishing House
_c2009
270 _aPooja Apartment, 4-B, Murari Lal Street, Ansari Road, Daryaganj
_bNew Delhi
_e110002
300 _a661p.
_c30cm(pbk)
650 _aOrganizational behavior
650 _aManagement
942 _2ddc
_cEN
_h658.1
_mNIR
999 _c26859
_d26859